| LEADER | 00475nam a2200193Ia 4500 | ||
|---|---|---|---|
| 001 | CTU_98641 | ||
| 008 | 210402s9999 xx 000 0 und d | ||
| 020 | |c 78.06 | ||
| 082 | |a 664.07 | ||
| 082 | |b F686 | ||
| 245 | 0 | |a Food analysis | |
| 245 | 0 | |c Edited by S. Suzanne Nielsen | |
| 260 | |a New York, N.Y. | ||
| 260 | |b Klwer Academic | ||
| 260 | |c 2003 | ||
| 650 | |a Food | ||
| 650 | |x Analysis | ||
| 904 | |i Minh | ||
| 980 | |a Trung tâm Học liệu Trường Đại học Cần Thơ | ||